000 00372nam a2200145Ia 4500
008 230711s9999||||xx |||||||||||||| ||und||
041 _aENG
082 _a4
_bMA-C
100 _aMartin,James
245 0 _aComputer database organisation
250 _a2nd
260 _c1990
_aNew Delhi
_bPrentice-Hall of India Private Limited
650 _aComputer Engineering
942 _cBK
999 _c502
_d502